EFFECTIVE COMMUNICATION SKILLS (Record no. 33490)

MARC details
000 -LEADER
fixed length control field 00282nam a22001337a 4500
003 - CONTROL NUMBER IDENTIFIER
control field SGT
020 ## - INTERNATIONAL STANDARD BOOK NUMBER
International Standard Book Number 9788179103500
082 ## - DEWEY DECIMAL CLASSIFICATION NUMBER
Classification number 302.2,SIN
100 ## - MAIN ENTRY--PERSONAL NAME
Personal name SINHA, MOSAM
245 ## - TITLE STATEMENT
Title EFFECTIVE COMMUNICATION SKILLS
260 ## - PUBLICATION, DISTRIBUTION, ETC. (IMPRINT)
Place of publication, distribution, etc JAIPUR
Name of publisher, distributor, etc APD
Year of Publication 2017
300 ## - PAGE DESCRIPTION
No. of Pages 182
942 ## - ADDED ENTRY ELEMENTS (KOHA)
Source of classification or shelving scheme Dewey Decimal Classification
Koha item type Books
Holdings
Withdrawn status Lost status Source of classification or shelving scheme Damaged status Use restrictions Not for loan Collection code Home library Current library Shelving location Date acquired Vendor Name Cost, normal purchase price SGTU Bill Number Full call number Accession No. (Barcode) Date last seen Bill Date Koha item type Total Checkouts Date last borrowed
    Dewey Decimal Classification   Restricted Access Not For Loan EDUCATION SGT Engineering Library SGT Engineering Library Reference Book 23/01/2026 BRIJWASI BOOK DISTRIBUTORS 725.00 SGTU IN/BW/000365 302.2,SIN ED5464 23/01/2026 20/12/2025 Books    
    Dewey Decimal Classification       EDUCATION SGT Engineering Library SGT Engineering Library Text Book 23/01/2026 BRIJWASI BOOK DISTRIBUTORS 725.00 SGTU IN/BW/000365 302.2,SIN ED5465 23/01/2026 20/12/2025 Books    
    Dewey Decimal Classification       EDUCATION SGT Engineering Library SGT Engineering Library Text Book 23/01/2026 BRIJWASI BOOK DISTRIBUTORS 725.00 SGTU IN/BW/000365 302.2,SIN ED5466 27/05/2026 20/12/2025 Books 2 27/05/2026